Josef Manes (k 50. výročí jeho smrti dne 9. listopadu 1871)

Bibliographic Details
Format: Article
Language:Czech
Slovak
Subjects:

MARC

LEADER 00000nab a22000001a 4500
001 vtls009309016
003 SK-MaSNL
005 20260303054536.0
008 080704d19211219xo |r|p|||| |000 b|cze
015 |a SNBRRBVU1918-1938 
015 |a SNBRB1918-1938 
038 |a SNKBUCL 
038 |a SNKBUVU 
040 |a SNKBUVU  |b slo  |c SNKBUCL  |e AACR2 
041 0 |a slo 
044 |a xo  |c SK 
080 |a 75.071.1  |2 1997 
080 |a 929 Mánes, Josef  |2 1997 
245 0 0 |a Josef Manes  |b (k 50. výročí jeho smrti dne 9. listopadu 1871) 
600 1 7 |a Mánes, Josef,  |d 1820-1871  |2 snkbucl  |9 241501 
655 7 |a profily  |2 MM  |9 341977 
773 0 |t Bratislavský pondělník  |g Roč. 2, č. 15 (19.12.1921), s. 1-2 
852 |a SNK  |b KIS3GCP 
910 |a snkrbvumm 
958 |a VY 
999 |c 1723700  |d 1725630